000
00297nam a2200121Ia 4500
008
231129s1977||||xx |||||||||||||| ||spa||
082
_a
OEM- 1689
100
_a
Zuluaga Henao Germán
245
0
_a
El antifaz
260
_c
1977
264
_a
[s.l.]: Editora de Occidente 1977
942
_2
ddc
_c
BKS
999
_c
10205
_d
10205